La obra gráfica del expresionismo alemán

Bewaard in:
Bibliografische gegevens
Coauteurs: Institut für Auslandsbeziehungen (Auteur), Instituto de Relaciones Culturales con el Exterior (Auteur)
Formaat: Boek
Taal:Spaans
Gepubliceerd in: Múnich Wilhelm Jungmann 1981
Onderwerpen:
Tags: Voeg label toe
Geen labels, Wees de eerste die dit record labelt!

MARC

LEADER 00000nam a2200000 a 4500
001 UCY9185
003 CL-VaPUC
008 950713e19810000GW |||||||||||||||||spa|d
082 0 4 |a 709.04042  |b INS  |2 21 
110 2 |a Institut für Auslandsbeziehungen  |e author  |9 341246 
710 2 |a Instituto de Relaciones Culturales con el Exterior  |e author  |9 341247 
245 1 3 |a La obra gráfica del expresionismo alemán 
246 1 0 |a Grafik des deutschen Expressionismus 
300 |a 150 p 
942 |c BK 
945 |d 19950713 00:00:00  |a rbrito 
260 |a Múnich  |b Wilhelm Jungmann  |c 1981 
650 7 |a EXPRESIONISMO  |2 CL-VaPUC  |9 268711 
650 7 |a PINTURA ALEMANA  |2 CL-VaPUC  |9 319202 
650 0 |a Dibujos  |9 264123 
650 7 |a PINTORES ALEMANES  |2 CL-VaPUC  |9 341248 
651 0 |a Alemania  |9 255688 
583 |a last modification  |c 19950713 00:00:00  |k Rodrigo Vera 
999 |c 236313  |d 236311 
952 |0 0  |1 0  |4 0  |6 709_040420000000000_INS_1981  |7 0  |8 A  |9 244354  |a BIBHIS  |b BIBHIS  |d 2019-11-18  |i 308941K  |o 709.04042 INS 1981  |p 308941K  |r 2025-01-20  |w 2019-11-18  |y BK  |k HIS 
952 |0 0  |1 0  |4 0  |6 709_040420000000000_INS_1981  |7 0  |8 A  |9 244355  |a BIBART  |b BIBART  |d 2019-11-18  |i 4624939  |l 1  |m 1  |o 709.04042 INS 1981  |p 4624939  |r 2025-03-13  |s 2024-11-20  |w 2019-11-18  |y BK  |k ART